LEADER 01393nam a2200289 a 4500 001 991002894629707536 008 071001s 000 0 eng d 020 $a8880682954 020 $a8880682555 035 $ab13597152-39ule_inst 040 $aDip. di Fil. Ling. e Lett.$bita 245 13$aAtlante Linguistico ed Etnografico del Piemonte Occidentale -ALEPO : $bil mondo vegetale, alberi e arbusti $cSabina Canobbio e Tullio Telmon 260 $aTorino :$bPriuli e Verlucca ;$cc2005 300 $a272 p. :$bill. ;$c25 cm + 1 compact disc 500 $a Include bibliografia 500 $a Vol.: I-III - Funghi e licheni, 140 p. 500 $a Vol.: I-I - Alberi e arbusti 650 4$aAtlante linguistico 700 1 $aCanobbio, Sabina$eauthor$4http://id.loc.gov/vocabulary/relators/aut$0738801 700 1 $aTelmon, Tullio$eauthor$4http://id.loc.gov/vocabulary/relators/aut$0174005 907 $a.b13597152$b09-03-22$c01-10-07 912 $a991002894629707536 945 $aLE008 FLM (f.r.) XLI/I-II$g1$i2008000143626$lle008$nColuccia$o-$pE0.00$q-$rl$s- $t0$u0$v0$w0$x0$y.i14569383$z01-10-07 945 $aLE008 FLM (f.r.)$g1$i2008000143633$lle008$nColuccia$o-$pE0.00$q-$rl$s- $t0$u0$v0$w0$x0$y.i14569395$z01-10-07 996 $aAnte Linguistico ed Etnografico del Piemonte Occidentale -ALEPO$91463504 997 $aUNISALENTO 998 $ale008$b01-10-07$cm$da $e-$fita$git $h0$i0 LEADER 00974nam a2200265 i 4500 001 991001171209707536 008 050725r20001998it 000 0 ita d 020 $a8809212789 035 $ab13331152-39ule_inst 040 $aDip.to Scienze pedagogiche$bita 082 0 $a155.8 100 1 $aMantovani, Giuseppe$0143736 245 12$aL'elefante invisibile :$btra negazione e affermazione delle diversità : scontri e incontri multiculturali /$cGiuseppe Mantovani 250 $a2. rist. 260 $aFirenze :$bGiunti,$c[1998]$gstampa 2000 300 $a231 p. ;$c23 cm 440 0$aSaggi Giunti 650 4$aPsicologia sociale 650 4$aEtnopsicologia 907 $a.b13331152$b02-04-14$c25-07-05 912 $a991001171209707536 945 $aLE022 155 MAN03.01$g1$i2022000117845$lle022$op$pE14.50$q-$rl$s- $t0$u16$v5$w16$x0$y.i14122820$z07-09-05 996 $aElefante invisibile$9627423 997 $aUNISALENTO 998 $ale022$b25-07-05$cm$da $e-$fita$git $h2$i0